| 000 | 02819 a2200253 4500 | ||
|---|---|---|---|
| 003 | OSt | ||
| 005 | 20241021231448.0 | ||
| 008 | 220907b ||||| |||| 00| 0 eng d | ||
| 020 | _a9789587718386 | ||
| 040 |
_aCO-BoUCM _bspa _cCO-UdeC _dCO-UdeC |
||
| 082 | 0 | 4 |
_a346.861 _bP419 |
| 100 | 1 |
_aPeña Nossa, Lisandro _92742 |
|
| 245 | 1 | 7 |
_aDe los títulos valores / _cLisandro Peña Nossa. |
| 250 | _aUndécima edición. | ||
| 260 | 3 |
_aBogotá : _bECOE ediciones, _c2019. |
|
| 300 |
_a411 p. ; _c24 cm. |
||
| 500 | _aIncluye: Regulación de la Factura cambiaria como Título Valor electrónico (Resolución - 000085 - 08 de abril del 2022, expedida por la DIAN) No son títulos valores (Carta de porte conocimiento de embarque, certificado de depósito y bono de prenda) Modelos y guías (Para diligenciar y cobrar los títulos) | ||
| 505 | 0 | _aDe los títulos valores en general -- Antecedentes, evolución histórica y sistemas cambiarios -- Concepto de título valor y sus principios rectores -- Elementos esenciales genéricos del título valor -- Clasificación de los Títulos Valores -- Del endoso y sus clases -- De la firma y sus modalidades -- De las garantías personales -- Del tenedor en los títulos valores -- De los Títulos Valores en particular -- Letra de cambio -- El pagaré -- La libranza -- Facturas cambiarias -- El cheque -- Procedimientos cambiarios -- Acción cambiaria -- Excepciones a la acción cambiaria -- Pago con títulos valores, acciones causales y la acción de enriquecimiento cambiario -- Cobro del título valor -- Reposición, cancelación y reivindicación de los títulos valores | |
| 520 | 8 | _aEste texto se ajusta al Código General del Proceso incorporando la jurisprudencia y doctrina vigente en cada uno de los temas que componen los Títulos Valores. El libro se estructura en dos apartados, el primero abarca las nociones de los Títulos Valores en general, y de los Títulos Valores en particular. La segunda parte, expone las razones jurídicas para sostener por qué la carta de porte, el conocimiento de embarque, el certificado de depósito y el bono de prenda NO son títulos valores y finalmente, contiene un apéndice de modelos y guías para el cobro del título valor. Dirigido a los estudiantes de derecho y abogados en ejercicio. Igualmente a estudiosos de carreras afines. Incluye: Clasificación de los Títulos Valores, clases de endosos, firmas y avales. Letras de cambio, pagarés, cheques, facturas cambiarias y procedimientos cambiarios. Apéndice con modelos y guías para cobro del Título. Índice temático. | |
| 650 | 0 | 4 |
_aTítulos valores. _91071 _xLegislación _zColombia |
| 650 | 0 | 4 |
_aDocumentos negociables _92533 _xLegislación _zColombia |
| 650 | 0 | 4 |
_aDocumentos comerciales _92743 _xLegislación _zColombia |
| 942 |
_cBK _2ddc _h346.861 P419 |
||
| 999 |
_c1924 _d1924 |
||